00862 2200193 4500245006000000020002200060250001100082100002400093700002600117700003000143650001300173005001900186260003300205041001400238084001000252300002600262500037100288336000900659 aBestbook Psikotes TerlengkapcAbdul Aziz SaefudinhText a978-602-6320-53-7 aCet. 1 aAbdul Aziz Saefudin aPrasetya Adhi Nugroho aTim Redaksi Bintang Wahyu aPsikotes a20240301134548 aJakartabBintang Wahyuc2019 aIndonesia a371.3 ax, 580 hlm. :c26 cm. aPsikotes adalah tes yang bertujuan memberikan gambaran mengenai aspek-aspek psikis seseorang sesuai dengan kebutuhan dan keperluan klien. Tes tersebut diberikan sebagai alat atau sarana Psikologi/Tester untuk bisa memahami secara utuh aspek-aspek psikologis dari seseorang agar bisa memberikan gambaran (profil psikogram) setiap individu yang mengikuti tes tersebut. atext